| 000 | 00808cab a2200277 4500 | ||
|---|---|---|---|
| 001 | WB3044-21 | ||
| 008 | 090401t1994 xxu||||| |||| 00| 0 eng d | ||
| 035 | _a(Sirsi) u10225 | ||
| 041 | _aeng | ||
| 245 | _aMixed use low return | ||
| 260 | _c1994 | ||
| 350 | _a0 | ||
| 490 |
_aProperty Week _v49(8) 24 November 1994, 14(1) |
||
| 520 | _aMixed-use schmes in historic town centres generate a worse rate of return than any other town centre developments according to research by Donaldsons. | ||
| 650 | _aCAPITAL VALUES | ||
| 650 | _aHISTORIC TOWNS FORUM | ||
| 650 | _aHISTORIC TOWNS | ||
| 650 | _aINVESTMENT MARKET | ||
| 650 | _aMIXED-USE SCHEMES | ||
| 650 | _aRATES OF RETURN | ||
| 650 | _aTOWN CENTRES | ||
| 650 | _aYIELDS | ||
| 690 | _aCONSERVATION | ||
| 942 | _n0 | ||
| 948 | _c04/03/1997 | ||
| 999 |
_c6426 _d6426 |
||